Statistics for B footballers

Click here to take the quiz!

General Stats

  • This quiz has been taken 16 times
    (12 since last reset)
  • The average score is 9 of 20

Answer Stats

HintAnswer% Correct
Welshman left Tottenham fo Real MadridBale
90%
Married a Spice GirlBeckham
90%
Youngest member of Englands 1966 World Cup teamBall
70%
Barcelona midfielderBusquets
70%
Top scoring Bulgarian in Premier LeagueBerbatov
70%
Spent 20 years at AC MilanBaresi
60%
Irishman often called best player everBest
60%
Ex Man Utd man who has managed Wigan Hull and PalaceBruce
60%
German captain called the KaiserBeckenbauer
50%
Israeli played for Arsenal Chelsea Liverpool and West HamBenayoun
50%
Arsenal player nicknamed the IcemanBergkamp
40%
Scored Italys winner v England in 2014 World CupBalotelli
40%
Saved penalty in FA Cup FinalBeasant
30%
England keeper lost eye in car crashBanks
30%
Danish player once described himself as Worlds best playerBendtner
30%
Chelsea keeper of 1970sBonetti
30%
Had superstition of kissing Barthez headBlanc
20%
Czech republic player popular at LiverpoolBaros
20%
Midfielder with over 500 Premier League appearancesBarry
20%
Scored winner in 1980 FA Cup finalBrooking
10%

Score Distribution

Percentile by Number Answered

Percent of People with Each Score

Your Score History

You have not taken this quiz since the last reset